| 000 | 00673nam a2200217 a 4500 | ||
|---|---|---|---|
| 005 | 20240806063859.0 | ||
| 008 | 991125s1986 mx 000 0 spa u | ||
| 035 | _aUPN01000051557 | ||
| 049 | _aF | ||
| 050 | 4 |
_aLB1578 M3 _bG3.7 |
|
| 100 | 1 |
_aGamio, Manuel, _d1883-1960 _930537 |
|
| 245 | 1 | 0 |
_aRelatos / _cGamio Manuel ; coord. Gilberto Sánchez Azuara ; tr. Filemón Ku |
| 260 |
_aMéxico : _bINI, _c1986 |
||
| 300 |
_a27 p. : _bil |
||
| 440 | 0 |
_aCuadernos literarios lengua maya; _vv. I-19 |
|
| 650 | 4 |
_aLiteratura mexicana _94466 |
|
| 700 | 1 |
_aSánchez Azuara, Gilberto _ecoord. _929931 |
|
| 902 | _aCAV CARLOS AGUILAR VILLA | ||
| 904 |
_aAC _b051559 |
||
| 905 | _aLibro | ||
| 999 |
_c51557 _d51557 |
||